00462nam a22001817a 450000500170000001000150001702000100003203500130004203700130005508200080006810000170007624500490009326000370014227000490017930000220022865000120025065000180026220100813100024.0 aENG-100097 c75.00 aEN-83629 bDBAD/PUB a364 aVeena, C. P. aJuvenile and probation law /cby C. P. Veena aMumbaibC. Jamunadas & Co.c2006 a146-C, Shamaldas Gandhi MargbMumbaie400002 a112p.c23cm (pbk) aIndiana aJuvanile Cams